Románia, kivülről
Elmentve itt :
| Szerző: | |
|---|---|
| Adatforrás: | Meister |
| Forrásdokumentuma: | Korunk. - 10 sz., 1998, 93-98 p. |
| Nyelv: | magyar |
| Kulcsszavak: | politológia európai integráció kommunizmus & posztkommunizmus közép-európaiság kommunizmus rendszerváltás európaiság Románia Európa Közép-Európa |
| LEADER | 00602nab a2200229 i 4500 | ||
|---|---|---|---|
| 001 | bibPRO00000839 | ||
| 008 | 060524s1998 xx hun | ||
| 040 | |a Sz1 | ||
| 041 | |a hun | ||
| 100 | 1 | |a EGYED Péter | |
| 245 | 1 | 0 | |a Románia, kivülről |c EGYED Péter |
| 695 | |a politológia | ||
| 695 | |a európai integráció | ||
| 695 | |a kommunizmus & posztkommunizmus | ||
| 695 | |a közép-európaiság | ||
| 695 | |a kommunizmus | ||
| 695 | |a rendszerváltás | ||
| 695 | |a európaiság | ||
| 695 | |a Románia | ||
| 695 | |a Európa | ||
| 695 | |a Közép-Európa | ||
| 773 | 0 | |t Korunk. - |g 10 sz., 1998, 93-98 p. | |